000
00299nam a2200133Ia 4500
003
LK-CoDNM
008
010623t xxu||||| |||| 00| 1 eng d
040
_a
LK-CoDNM
_d
LK-CoDNM
_e
LK-CoDNM
041
_a
eng
080
_a
327(52)
245
_a
Defense Of Japan
300
_b
166p.;24 cm cm
942
_c
BK
999
_c
134156
_d
134156